00884nam a22002417a 4500003000900000005001700009007000300026008004100029040002500070041001300095049000900108082001300117245009800130246006300228260002300291300002700314590002600341700003200367910001500399942001400414952019700428999001700625DO-SdBNP20230427115939.0ta230419b19uu dr a|||| |||| 00| 0 spa d aDO-SdBNPbspacBNPHU17aspaheng aBNPD 4bQ8p 22200aQuisqueya = an english-spanish version of the poetry of Santo Domingo /cFrancis E. Townsend. aUna antología bilingüe de la poesía de Santo Domingo as.l. :bs.n.cs.f. a63 p. :bil. ;c23 cm. aInventariado, 2023/BT1 aTownsend, Francis E.923967 aBtavárez 2ddccLBS1 00102ddc51708PD-RVaBNPHUbBNPHUcCTd2023-04-19eDonaciónoBNPHU PD-RV Q8p p2023-1452r2023-04-19w2023-04-19yLBS1zPerteneció a la biblioteca personal de Carlos Larrazabal Blanco. c53314d53314